| 000 | 00467nam a2200169 u 4500 | ||
|---|---|---|---|
| 005 | 20230920064234.0 | ||
| 008 | 190314s2009 r 000 0 eng d | ||
| 035 | _aUPN01000229641 | ||
| 049 | _aF | ||
| 050 | 4 |
_aLC92 M6 _bP3.6 |
|
| 245 | 0 | 0 |
_aPara concebir el futuro en el presente : _bdocumento rector. |
| 260 |
_aMéxico : _bSEP, _c[2009]. |
||
| 300 |
_a21 h. : _bil. col. |
||
| 650 | 4 |
_aEducación y Estado _zMéxico _9476 |
|
| 905 | _aLibro | ||
| 999 |
_c201736 _d201736 |
||